000 00356nab a22001097u 4500
008 130520b1977 xxu||||| |||| 00| 0 eng d
041 _aeng
100 1 _aWilcox, John T.
_950141
245 0 0 _aHartshorne´s Indeterminism: a Preliminary Appraisal
_cJohn T. Wilcox
773 0 _tPhilosophy Today
_gV.21, nº1,1977,págs. 62-73
_x0031-8256
_wRev325
942 _cAR
999 _c302941
_d302941